Horse drawn mail vehicles (Record no. 2185)

000 -LEADER
fixed length control field 00636nam a22000977a 4500
008 - FIXED-LENGTH DATA ELEMENTS--GENERAL INFORMATION
fixed length control field 170109b xxu||||| |||| 00| 0 eng d
100 ## - MAIN ENTRY--AUTHOR'S NAME
Author's Name Bruns, James
245 ## - TITLE STATEMENT
Title Horse drawn mail vehicles
260 ## - PUBLICATION, DISTRIBUTION, ETC. (IMPRINT)
Place of publication, distribution, etc. Polo, IL
Name of publisher, distributor, etc. Transportation Trails
Date of publication, distribution, etc. 1996
650 ## - TOPICAL TERM (Tag)
Topical term or geographic name United States | Transportation of Mail | Postal Service | Postal History | Letter Carriers | Rural Free Delivery | Mail Wagons | Mail Carts | Postal Vehicles | Mobile Post Offices | Collection and Distribution Wagon Service | Collection and Distribution Service | Parcel Post | Overland Mail | Mail Coaches | Stagecoach Lines | Mail Sleds | United States -- Carriages and Carts -- History
Holdings
Withdrawn status Lost status Source of classification or shelving scheme Damaged status Koha normalized classification for sorting Not for loan Collection code Permanent Location Current Location Date acquired Total Checkouts Full call number Barcode Date last seen Date last checked out Copy number Price effective from
        G3701 T772 B899     Northern Philatelic Library Northern Philatelic Library 01/09/2017 1 G3701 T772 B899 1002553 03/26/2018 03/03/2018 1 01/09/2017

Powered by Koha